| 000 | 00404nam a2200145Ia 4500 | ||
|---|---|---|---|
| 008 | 200103s9999||||xx |||||||||||||| ||und|| | ||
| 040 | _aIMU-MPC | ||
| 082 | _aColumn-41 | ||
| 100 | _aJr.Fassett,f.g. | ||
| 245 | 4 | _aThe shipbuilding business in the united states of america | |
| 250 | _avol.ll | ||
| 260 |
_bThe Society of Naval Achitectes and Marine Engineers _c1948 |
||
| 300 | _axiii,255 | ||
| 942 | _cBK | ||
| 999 |
_c8643 _d8643 |
||